El granizo sobre la sangre : el chamanismo católico de los otomíes del centro de México /

Bibliographic Details
Main Author: Hernández Dávila, Carlos Arturo (Author)
Format: Electronic eBook
Language:Spanish
Published: Buenos Aires : Sb Editorial, [2023]
Series:Paradigma indicial. Antropología sociocultural.
Subjects:
Online Access:Digitalia Hispánica

MARC

LEADER 00000nam a2200000 i 4500
001 DIGSBED0223
003 NyNyDIG
007 cr |||||||||||
008 251010s2023 ag a ob 000 0 spa d
006 m o d
035 |a (OCoLC)1534046482 
040 |a DGITA  |b eng  |e rda  |e pn  |c DGITA 
020 |z 9789878918655 
043 |a n-mx--- 
050 1 4 |a F1221.O86 ebook 
100 1 |a Hernández Dávila, Carlos Arturo,  |e author. 
245 1 3 |a El granizo sobre la sangre :  |b el chamanismo católico de los otomíes del centro de México /  |c Carlos Arturo Hernández Dávila. 
264 1 |a Buenos Aires :  |b Sb Editorial,  |c [2023] 
300 |a 1 online resource :  |b illustrations (some color) 
336 |a text  |b txt  |2 rdacontent 
337 |a computer  |b c  |2 rdamedia 
338 |a online resource  |b cr  |2 rdacarrier 
347 |a text file  |2 rdaft 
347 |b PDF 
490 1 |a Paradigma indicial. Serie Antropología sociocultural 
504 |a Includes bibliographical references. 
588 0 |a Online resource; title from PDF title page (Digitalia, viewed October 10, 2025) 
650 0 |a Otomi Indians  |z Mexico  |x Religion. 
650 0 |a Shamanism  |z Mexico. 
650 0 |a Christianity and other religions  |x Shamanism. 
791 2 |a Digitalia (Firm),  |e distributor. 
793 0 |g Digitalia eBook Collection:  |a Sb Editorial 
776 0 8 |i Print version:  |a Hernández Dávila, Carlos Arturo.  |t Granizo sobre la sangre.  |b 1a reimpresión.  |d Buenos Aires : Sb Editorial, [2023]  |z 9789878918655 
830 0 |a Paradigma indicial.  |p Antropología sociocultural. 
856 4 0 |3 Digitalia Hispánica  |u https://www.digitaliapublishing.com/a/180345/ 
910 |a Premium collection: 2025